Top 5 Most Populous Cities in Every Country - Statistics

General Stats
  • This quiz has been taken 3,025 times
    37 since last reset
  • The average score is 299 of 975
Answers on the Map
Answers color-coded by a green-red scale on the quiz's map according to % correct below.
 
Answer Stats
Country Population City % Correct
Mexico 8,843,706 Mexico City
94%
United States 8,478,072 New York
94%
United States 2,390,135 Houston
91%
Canada* 1,700,014 Ottawa/Gatineau
91%
Canada* 3,088,036 Vancouver
91%
United States 2,721,308 Chicago
89%
United States 3,878,704 Los Angeles
89%
Canada* 4,597,837 Montréal
89%
United States 1,673,164 Phoenix
89%
India* 16,349,831 Delhi
86%
United Kingdom 9,065,696 London
86%
Portugal 231,800 Porto
86%
Japan 9,733,276 Tokyo
86%
Canada* 7,108,874 Toronto
86%
Greece* 3,146,164 Athens
83%
Montenegro 15,868 Bar
83%
Sierra Leone 223,075 Bo
83%
Brazil 2,891,270 Brasília
83%
Argentina* 16,224,751 Buenos Aires
83%
Egypt 9,801,536 Cairo
83%
South Africa* 7,860,781 Johannesburg
83%
Peru* 11,166,200 Lima
83%
Philippines* 26,570,462 Manila
83%
Italy 1,362,863 Milan
83%
Russia 13,274,285 Moscow
83%
Norway 728,714 Oslo
83%
France 2,103,778 Paris
83%
Liechtenstein 6,297 Schaan
83%
Australia* 5,219,674 Sydney
83%
Tunisia 599,368 Tunis
83%
Netherlands 1,136,210 Amsterdam
80%
Turkey 5,186,022 Ankara
80%
Spain 1,713,247 Barcelona
80%
China 18,960,744 Beijing
80%
Germany 3,685,265 Berlin
80%
Switzerland 138,489 Bern
80%
Morocco 3,218,036 Casablanca
80%
Cuba 2,137,847 Havana
80%
Finland 694,392 Helsinki
80%
Turkey 15,244,936 Istanbul
80%
Indonesia 9,607,787 Jakarta
80%
Israel 1,247,373 Jerusalem
80%
Jamaica 611,154 Kingston
80%
Saint Vincent and the Grenadines** 24,518 Kingstown
80%
Ukraine 2,952,301 Kyiv
80%
Nigeria* 15,070,000 Lagos
80%
Portugal 545,796 Lisbon
80%
Spain 3,477,497 Madrid
80%
India* 18,394,912 Mumbai
80%
Italy 905,050 Naples
80%
Brazil 6,730,660 Rio de Janeiro
80%
Italy 2,745,062 Rome
80%
Chile* 6,160,040 Santiago
80%
Cuba 431,411 Santiago de Cuba
80%
Dominican Republic 612,595 Santiago de los Caballeros
80%
Brazil 11,887,070 São Paulo
80%
South Korea* 9,586,195 Seoul
80%
Spain 688,714 Seville
80%
Poland 1,861,599 Warsaw
80%
Algeria 2,364,230 Algiers
77%
Belgium 562,002 Antwerp
77%
New Zealand 1,547,200 Auckland
77%
United Kingdom 1,161,326 Birmingham
77%
Colombia 7,876,000 Bogotá
77%
Belgium 198,314 Brussels
77%
Romania 1,716,961 Bucharest
77%
South Africa* 3,430,992 Cape Town
77%
Ireland* 1,263,219 Dublin
77%
Guatemala 923,392 Guatemala City
77%
Germany 1,862,565 Hamburg
77%
Vietnam 3,605,364 Hanoi
77%
Malaysia* 1,588,750 Kuala Lumpur
77%
France 519,127 Lyon
77%
Maldives 137,238 Malé
77%
France 886,040 Marseille
77%
Germany 1,505,005 Munich
77%
France 357,737 Nice
77%
Czech Republic 1,397,880 Prague
77%
Netherlands 868,135 Rotterdam
77%
Antigua and Barbuda 5,325 Saint Peter Parish
77%
Russia 5,652,922 Saint Petersburg
77%
Bosnia and Herzegovina 348,363 Sarajevo
77%
China 21,909,814 Shanghai
77%
Bulgaria 1,205,548 Sofia
77%
Sweden 995,574 Stockholm
77%
Iran 8,693,706 Tehran
77%
New Zealand 209,800 Wellington
77%
Croatia 663,592 Zagreb
77%
Ethiopia 3,860,000 Addis Ababa
74%
Kazakhstan 1,639,176 Astana
74%
Iraq 6,719,476 Baghdad
74%
Serbia 1,197,714 Belgrade
74%
Australia* 2,745,086 Brisbane
74%
Canada* 1,836,012 Calgary
74%
Sri Lanka 561,314 Colombo
74%
Denmark 1,396,508 Copenhagen
74%
Senegal 3,186,088 Dakar
74%
Qatar 872,048 Doha
74%
Qatar 313,754 Doha Industrial Area
74%
United Arab Emirates 3,570,099 Dubai
74%
United Kingdom 646,700 Glasgow
74%
Vietnam 7,004,921 Ho Chi Minh City
74%
Afghanistan 4,434,600 Kabul
74%
Togo 158,090 Kara
74%
Nepal 862,400 Kathmandu
74%
Congo, D. R. 7,273,947 Kinshasa
74%
Bolivia 750,225 La Paz
74%
United Kingdom 529,561 Liverpool
74%
Morocco 1,014,813 Marrakesh
74%
Australia* 5,328,274 Melbourne
74%
Uruguay 1,287,452 Montevideo
74%
Kenya 4,397,073 Nairobi
74%
Bahamas 227,940 Nassau
74%
Taiwan 4,365,947 New Taipei City
74%
Japan 2,752,412 Osaka
74%
Australia* 2,430,757 Perth
74%
Haiti 875,978 Port-au-Prince
74%
North Korea 2,521,785 Pyongyang
74%
Ecuador 1,763,275 Quito
74%
Saudi Arabia 6,924,566 Riyadh
74%
Costa Rica 1,453,500 San José
74%
Taiwan 2,594,581 Taipei
74%
Georgia 1,285,300 Tbilisi
74%
Israel 467,875 Tel Aviv-Yafo
74%
Italy 855,654 Turin
74%
Venezuela 1,585,500 Valencia
74%
Spain 841,558 València
74%
Austria 2,042,036 Vienna
74%
Switzerland 440,471 Zürich
74%
Australia* 1,470,938 Adelaide
71%
Egypt 5,362,517 Alexandria
71%
Jordan 1,812,059 Amman
71%
Azerbaijan 1,311,900 Baku
71%
Mali** 4,227,569 Bamako
71%
Thailand 5,666,264 Bangkok
71%
Hungary 1,685,209 Budapest
71%
Venezuela 2,087,700 Caracas
71%
Germany 1,024,621 Cologne
71%
Syria 1,414,913 Damascus
71%
Bangladesh* 10,295,786 Dhaka
71%
Switzerland 211,030 Geneva
71%
Guyana 125,683 Georgetown
71%
Saint Vincent and the Grenadines** 1,680 Georgetown
71%
Rwanda 859,332 Kigali
71%
India* 14,057,991 Kolkata
71%
Poland 806,201 Krakow
71%
United Kingdom 564,705 Leeds
71%
Slovenia 290,903 Ljubljana
71%
Luxembourg 136,161 Luxembourg
71%
Mozambique 1,080,277 Maputo
71%
Colombia 2,553,600 Medellín
71%
Cyprus 56,479 Nicosia
71%
Italy 626,273 Palermo
71%
Panama* 1,132,696 Panama City
71%
Cambodia 2,189,460 Phnom Penh
71%
South Africa* 1,763,336 Pretoria
71%
Iceland 247,162 Reykjavik
71%
North Macedonia 422,540 Skopje
71%
Estonia 456,518 Tallinn
71%
Honduras 1,132,000 Tegucigalpa
71%
Greece* 802,392 Thessaloniki
71%
Albany 389,323 Tirana
71%
Mongolia 1,466,431 Ulaanbaatar
71%
Namibia 486,186 Windhoek
71%
United Arab Emirates 1,750,000 Abu Dhabi
69%
Nigeria* 2,690,000 Abuja
69%
Andorra 21,496 Andorra la Vella
69%
Paraguay 462,241 Asunción
69%
Switzerland 180,075 Basel
69%
Lebanon 1,650,000 Beirut
69%
Belize 22,584 Belmopan
69%
Slovakia 480,902 Bratislava
69%
Congo, Rep. 2,138,236 Brazzaville
69%
India* 8,653,521 Chennai
69%
Tanzania 5,383,728 Dar es Salaam
69%
Djibouti 767,250 Djibouti
69%
Ukraine 901,645 Donetsk
69%
Morocco 1,182,936 Fes
69%
Germany 756,021 Frankfurt am Main
69%
China 16,096,724 Guangzhou
69%
Ukraine 1,421,125 Kharkiv
69%
Sudan 1,410,858 Khartoum
69%
Sweden 365,644 Malmö
69%
Bahrain 143,035 Manama
69%
Somalia 1,650,227 Mogadishu
69%
Chad 951,418 N’Djamena
69%
Niger 978,029 Niamey
69%
Burkina Faso 2,415,266 Ouagadougou
69%
Suriname 240,924 Paramaribo
69%
Jamaica 161,442 Portmore
69%
Kosovo 143,469 Priština
69%
Antigua and Barbuda 8,055 Saint George Parish
69%
Grenada** 7,500 Saint George’s
69%
Antigua and Barbuda 51,737 Saint John’s
69%
Yemen 1,707,531 Sana’a
69%
San Marino 4,158 San Marino
69%
Kuwait 388,294 South Kuwait City
69%
Uzbekistan 3,112,748 Tashkent
69%
France 514,819 Toulouse
69%
Libya 1,063,571 Tripoli
69%
Lebanon 450,000 Tripoli
69%
Laos 620,157 Vientiane
69%
Lithuania 607,842 Vilnius
69%
Cameroon 1,817,524 Yaoundé
69%
Armenia 1,141,100 Yerevan
69%
Ghana 2,070,463 Accra
66%
Madagascar 1,274,225 Antananarivo
66%
Eritrea 380,568 Asmara
66%
Norway 294,860 Bergen
66%
Kyrgyzstan 1,103,562 Bishkek
66%
Guinea-Bissau 387,909 Bissau
66%
South Korea* 3,179,551 Busan
66%
Moldova 567,038 Chișinău
66%
Guinea 3,407,327 Conakry
66%
Tanzania 765,179 Dodoma
66%
South Africa* 2,786,046 Durban
66%
Botswana 246,325 Gaborone
66%
Belgium 272,657 Ghent
66%
Sweden 608,993 Gothenburg
66%
Zimbabwe 1,491,754 Harare
66%
Uganda 1,797,722 Kampala
66%
Pakistan 18,868,021 Karachi
66%
Sudan 1,012,211 Khartoum North
66%
Pakistan 13,004,135 Lahore
66%
Switzerland 145,521 Lausanne
66%
Gabon 703,940 Libreville
66%
Togo 2,188,376 Lomé
66%
Angola 6,759,313 Luanda
66%
Zambia 2,212,301 Lusaka
66%
Eswatini 60,691 Mbabane
66%
Saudi Arabia 2,385,509 Mecca
66%
Belarus 1,995,471 Minsk
66%
Papua New Guinea 364,125 Port Moresby
66%
Benin 264,320 Porto-Novo
66%
Cape Verde 141,219 Praia
66%
Latvia 591,882 Rīga
66%
Dominica 14,725 Roseau
66%
El Salvador 316,090 San Salvador
66%
Croatia 149,830 Split
66%
Morocco 1,275,428 Tangier
66%
Netherlands 851,010 The Hague
66%
Mexico 1,810,645 Tijuana
66%
Netherlands 396,315 Utrecht
66%
Grenada** 2,256 Victoria
66%
Seychelles 29,664 Victoria
66%
Ivory Coast 4,395,243 Abidjan
63%
Brunei* 266,682 Bandar Seri Begawan
63%
Central African Repupblic 812,407 Bangui
63%
Belize 65,834 Belize City
63%
India* 8,520,435 Bengaluru
63%
Ireland* 222,526 Cork
63%
East Timor 267,623 Dili
63%
Ukraine 968,502 Dnipro
63%
Tajikistan 1,242,600 Dushanbe
63%
Burundi 41,944 Gitega
63%
Saudi Arabia 3,712,917 Jeddah
63%
South Sudan 230,195 Juba
63%
Nicaragua 1,055,111 Managua
63%
Saudi Arabia 1,411,599 Medina
63%
Liberia 1,021,762 Monrovia
63%
Japan 2,332,176 Nagoya
63%
Myanmar 358,679 Naypyidaw
63%
Mauritania** 1,446,761 Nouakchott
63%
Montenegro 173,024 Podgorica
63%
Trinidad and Tobago 37,074 Port of Spain
63%
Argentina* 1,429,292 Rosario
63%
Austria 157,944 Salzburg
63%
Dominican Republic 2,752,784 Santo Domingo
63%
Ecuador 334,826 Santo Domingo de los Colorados
63%
Liechtenstein 6,109 Vaduz
63%
Ivory Coast 212,670 Yamoussoukro
63%
Myanmar 4,584,622 Yangon
63%
Kazakhstan 2,348,103 Almaty
60%
Samoa 35,974 Apia
60%
Turkmenistan 1,030,063 Ashgabat
60%
Barbados** 98,511 Bridgetown
60%
Czech Republic 402,739 Brno
60%
China 13,568,357 Chengdu
60%
New Zealand 407,800 Christchurch
60%
Netherlands 320,365 Eindhoven
60%
Sierra Leone 609,174 Freetown
60%
Ecuador 2,650,288 Guayaquil
60%
Israel 282,832 Haifa
60%
Austria 214,484 Linz
60%
Lesotho 343,541 Maseru
60%
Mongolia 42,423 Mörön
60%
Comoros 74,749 Moroni
60%
Ukraine 1,010,537 Odesa
60%
São Tomé and Príncipe* 66,888 São Tomé
60%
Japan 1,973,395 Sapporo
60%
Fiji 185,913 Suva
60%
Bhutan 114,551 Thimphu
60%
Russia 1,548,187 Yekaterinburg
60%
Spain 699,007 Zaragoza
60%
Saint Kitts and Nevis** 12,290 Basseterre
57%
Colombia 2,234,400 Cali
57%
Brazil 2,578,480 Fortaleza
57%
Austria 307,043 Graz
57%
Austria 132,811 Innsbruck
57%
Malawi 989,318 Lilongwe
57%
Poland 652,015 Łódź
57%
Russia 1,637,266 Novosibirsk
57%
Tonga 21,185 Nuku’alofa
57%
Mauritius 140,403 Port Louis
57%
Brazil 2,564,200 Salvador
57%
Poland 673,743 Wrocław
57%
Denmark 301,049 Aarhus
54%
Syria 2,132,100 Aleppo
54%
Turkey 2,948,160 Izmir
54%
Nigeria* 4,910,000 Kano
54%
Russia 1,329,825 Kazan
54%
Equatorial Guinea 132,440 Malabo
54%
Monaco 8,259 Monte-Carlo
54%
China 17,444,609 Shenzhen
54%
Sweden 248,016 Uppsala
54%
Yemen 588,938 Aden
51%
Argentina* 1,705,741 Córdoba
51%
Belgium 197,323 Liège
51%
Kenya 1,208,333 Mombasa
51%
Algeria 803,329 Oran
51%
Micronesia, F.S. 4,903 Palikir
51%
Iraq 1,340,827 Basra
49%
Libya 618,325 Benghazi
49%
Burundi 497,166 Bujumbura
49%
Benin 679,012 Cotonou
49%
Cameroon 1,906,962 Douala
49%
Ireland* 85,910 Galway
49%
South Africa* 876,436 Gqeberha
49%
Solomon Islands 130,176 Honiara
49%
Ireland* 102,287 Limerick
49%
Venezuela 2,262,600 Maracaibo
49%
Iraq 1,361,819 Mosul
49%
Serbia 260,438 Novi Sad
49%
Bulgaria 329,489 Plovdiv
49%
Poland 538,439 Poznań
49%
Japan 3,777,491 Yokohama
49%
Turkey 2,051,464 Bursa
46%
Philippines* 2,581,824 Cebu
46%
Belgium 205,763 Charleroi
46%
Bangladesh* 3,230,507 Chittagong
46%
Iran 1,961,260 Isfahan
46%
Mexico 1,579,803 León
46%
Nicaragua 177,270 León
46%
Vanuatu 35,901 Port Vila
46%
Mexico 1,542,232 Puebla
46%
Bolivia 1,601,724 Santa Cruz
46%
Finland 263,337 Tampere
46%
Moldova 130,000 Tiraspol
46%
Indonesia 2,394,873 Bandung
43%
Colombia 1,322,900 Barranquilla
43%
Romania 286,598 Cluj-Napoca
43%
Indonesia 2,097,610 Medan
43%
Malta 25,496 Mosta
43%
Denmark 185,480 Odense
43%
Czech Republic 283,187 Ostrava
43%
Finland 217,469 Oulu
43%
Norway 151,669 Stavanger
43%
Indonesia 2,765,487 Surabaya
43%
Norway 218,460 Trondheim
43%
Lebanon 125,000 Tyre
43%
Chile* 901,468 Valparaíso
43%
Turkey 1,779,463 Adana
40%
Philippines* 1,627,459 Davao
40%
Finland 325,716 Espoo
40%
Belarus 501,802 Homieĺ
40%
Lithuania 302,874 Kaunas
40%
Cyprus 107,970 Limassol
40%
Congo, D. R. 1,283,380 Lubumbashi
40%
Bosnia and Herzegovina 60,195 Mostar
40%
Czech Republic 187,928 Pilsen
40%
Uzbekistan 595,818 Samarkand
40%
Tunisia 286,636 Sfax
40%
Denmark 121,878 Aalborg
37%
Bosnia and Herzegovina 135,059 Banja Luka
37%
Bolivia 665,482 Cochabamba
37%
South Korea* 2,149,687 Daegu
37%
Vietnam 988,561 Da Nang
37%
Pakistan 3,691,999 Faisalabad
37%
Israel 631,215 Gaza
37%
Egypt 4,458,135 Giza
37%
Yemen 212,992 Ibb
37%
Slovakia 222,286 Košice
37%
Myanmar 1,162,500 Mandalay
37%
Slovenia 97,522 Maribor
37%
Nigeria* 2,120,000 Port Harcourt
37%
Croatia 107,964 Rijeka
37%
Belize 16,447 San Pedro
37%
Romania 250,849 Timișoara
37%
Peru* 1,125,400 Arequipa
34%
Colombia 931,500 Cartagena
34%
Hungary 202,130 Debrecen
34%
Albany 101,728 Durrës
34%
Iraq 879,071 Erbil
34%
Greece* 162,600 Heraklion
34%
Nigeria* 3,190,000 Ibadan
34%
Ghana 2,035,064 Kumasi
34%
Iran 3,001,184 Mashhad
34%
Argentina* 1,056,983 Mendoza
34%
Egypt 791,749 Port Said
34%
Honduras 701,200 San Pedro Sula
34%
Iran 1,565,572 Shiraz
34%
Bulgaria 318,737 Varna
34%
Philippines* 1,679,075 Angeles
31%
Saudi Arabia 1,386,166 Dammam
31%
New Zealand 192,100 Hamilton
31%
South Korea* 2,860,142 Incheon
31%
Afghanistan 523,300 Kandahar
31%
Serbia 178,976 Niš
31%
Greece* 196,937 Patras
31%
Sudan 394,561 Port Sudan
31%
Pakistan 3,357,612 Rawalpindi
31%
Tanzania 709,809 Zanzibar
31%
Portugal 146,543 Braga
29%
Mexico 1,643,623 Ecatepec de Morelos
29%
Somalia 741,000 Hargeisa
29%
Syria 652,609 Homs
29%
Romania 271,692 Iași
29%
Kyrgyzstan 315,881 Osh
29%
Tunisia 250,540 Sousse
29%
Romania 263,688 Constanța
26%
Latvia 78,112 Daugavpils
26%
Bolivia 885,210 El Alto
26%
Taiwan 2,734,275 Kaohsiung
26%
Cyprus 52,046 Larnaca
26%
Congo, D. R. 1,213,726 Mbuji-Mayi
26%
Guatemala 180,706 Quetzaltenango
26%
Taiwan 3,033,840 Taichung
26%
Estonia 97,304 Tartu
26%
Ireland* 60,079 Waterford
26%
Croatia 67,309 Zadar
26%
Chile* 352,638 Antofagasta
23%
Tanzania 617,631 Arusha
23%
Bulgaria 189,014 Burgas
23%
Bahamas 26,910 Freeport
23%
Jamaica 118,013 Montego Bay
23%
Hungary 139,412 Pécs
23%
United Arab Emirates 1,610,000 Sharjah
23%
Finland 252,956 Vantaa
23%
Venezuela 1,089,100 Barquisimeto
20%
Georgia 234,600 Batumi
20%
Malawi 800,264 Blantyre
20%
Paraguay 325,819 Ciudad del Este
20%
Panama* 159,157 Colón
20%
Chile* 722,929 Concepción
20%
South Korea* 1,488,435 Daejeon
20%
Luxembourg 37,922 Esch-sur-Alzette
20%
Belarus 358,717 Hrodna
20%
Iraq 972,272 Kirkuk
20%
Lithuania 160,082 Klaipėda
20%
Czech Republic 108,090 Liberec
20%
Sweden 168,035 Linköping
20%
Tanzania 1,104,521 Mwanza
20%
Kazakhstan 1,294,050 Shymkent
20%
Lebanon 250,000 Sidon
20%
Cambodia 225,607 Siem Reap
20%
Hungary 157,282 Szeged
20%
Belarus 359,148 Vitebsk
20%
Kazakhstan 598,683 Aktobe
17%
Iceland 20,467 Akureyri
17%
Cuba 310,819 Camagüey
17%
Andorra 8,817 Encamp
17%
Pakistan 2,511,118 Gujranwala
17%
Afghanistan 574,300 Herat
17%
Palau 9,564 Koror
17%
Turkmenistan 167,027 Mary
17%
Estonia 52,495 Narva
17%
Sudan 1,849,659 Omdurman
17%
Uruguay 114,084 Salto
17%
El Salvador 155,958 San Miguel
17%
El Salvador 198,251 Santa Ana
17%
Senegal 391,253 Thiès
17%
Peru* 1,025,100 Trujillo
17%
Argentina* 1,052,194 Tucumán
17%
Niger 110,497 Agadez
14%
Portugal 171,454 Amadora
14%
Qatar 799,933 Ar Rayyan
14%
Equatorial Guinea 132,235 Bata
14%
Angola 555,124 Benguela
14%
Malta 29,482 Birkirkara
14%
Venezuela 893,400 Ciudad Guyana
14%
Ecuador 361,524 Cuenca
14%
Panama* 103,915 David
14%
Luxembourg 22,203 Dudelange
14%
Mongolia 102,141 Erdenet
14%
Denmark 71,554 Esbjerg
14%
Andorra 16,162 Escaldes-Engordany
14%
Botswana 103,417 Francistown
14%
Azerbaijan 301,200 Ganja
14%
Vietnam 841,520 Haiphong
14%
Syria 312,994 Hama
14%
North Korea 703,610 Hamhung
14%
Cuba 302,890 Holguin
14%
Malaysia* 665,600 Ipoh
14%
Tunisia 153,900 Kairouan
14%
Kazakhstan 533,344 Karaganda
14%
Slovenia 26,410 Koper
14%
Georgia 161,200 Kutaisi
14%
Greece* 146,374 Larissa
14%
Belarus 353,338 Mogilev
14%
Uzbekistan 344,690 Nukus
14%
Sudan 492,984 Nyala
14%
Croatia 75,535 Osijek
14%
Estonia 41,529 Pärnu
14%
Congo, Rep. 1,398,812 Pointe-Noire
14%
Nepal 513,504 Pokhara
14%
Paraguay 225,395 San Lorenzo
14%
Cuba 217,907 Santa Clara
14%
San Marino 11,265 Serravalle
14%
Jamaica 168,900 Spanish Town
14%
Ghana 371,351 Tamale
14%
New Zealand 160,900 Tauranga
14%
Senegal 1,120,824 Touba
14%
Turkmenistan 230,861 Turkmenabat
14%
Albany 66,320 Vlorë
14%
Costa Rica 196,900 Alajuela
11%
Uzbekistan 492,425 Andijan
11%
Moldova 90,954 Bălți
11%
North Macedonia 69,287 Bitola
11%
Tunisia 154,300 Bizerte
11%
Angola 550,000 Cabinda
11%
Philippines* 837,787 Cagayan de Oro
11%
Costa Rica 232,300 Cartago
11%
Peru* 663,200 Chiclayo
11%
Algeria 448,028 Constantine
11%
Luxembourg 30,789 Differdange
11%
Albany 66,834 Elbasan
11%
Kenya 475,716 Eldoret
11%
Angola 595,304 Huambo
11%
Afghanistan 271,900 Jalalabad
11%
Kyrgyzstan 117,533 Jalal-Abad
11%
Malaysia* 809,900 Johor Bahru
11%
Latvia 51,933 Jūrmala
11%
Congo, D. R. 720,362 Kananga
11%
Senegal 298,904 Kaolack
11%
Congo, D. R. 682,599 Kisangani
11%
Serbia 146,315 Kragujevac
11%
Papua New Guinea 148,934 Lae
11%
Dominican Republic 265,313 La Romana
11%
Chile* 401,938 La Serena
11%
Laos 66,781 Luangprabang
11%
Equatorial Guinea 9,011 Luba
11%
Botswana 85,350 Maun
11%
Afghanistan 484,500 Mazar-i-Sharif
11%
Ethiopia 457,900 Mekele
11%
Myanmar 312,700 Myitkyina
11%
Kenya 570,674 Nakuru
11%
Uzbekistan 713,385 Namangan
11%
Bolivia 298,257 Oruro
11%
Peru* 547,100 Piura
11%
Slovakia 81,223 Prešov
11%
Antigua and Barbuda 8,128 Saint Paul Parish
11%
Saint Kitts and Nevis** 2,460 Saint Paul’s
11%
Morocco 945,101 Salé
11%
São Tomé and Príncipe* 7,445 Santana
11%
Laos 91,684 Savannakhet
11%
Ghana 228,342 Sekondi
11%
Serbia 88,752 Subotica
11%
Georgia 67,087 Sukhumi
11%
Yemen 466,968 Taizz
11%
Taiwan 2,441,064 Taoyuan
11%
Bosnia and Herzegovina 74,457 Tuzla
11%
Portugal 188,421 Vila Nova de Gaia
11%
Jordan 635,160 Zarqa
11%
Niger 235,605 Zinder
11%
Bahrain 47,529 A’ali
9%
United Arab Emirates 557,071 Ajman
9%
United Arab Emirates 690,000 Al Ain
9%
Myanmar 276,987 Bago
9%
Indonesia 2,334,871 Bekasi
9%
Moldova 87,000 Bender
9%
Slovenia 38,059 Celje
9%
Uruguay 113,252 Ciudad de la Costa
9%
Cameroon 235,996 Garoua
9%
Armenia 114,700 Gyumri
9%
Costa Rica 367,900 Heredia
9%
Jordan 502,714 Irbid
9%
Latvia 54,821 Jelgava
9%
Iceland 22,572 Keflavík og Njarðvík
9%
Bangladesh* 719,557 Khulna
9%
Somalia 358,000 Kismayo
9%
Zambia 665,961 Kitwe
9%
Syria 383,786 Latakia
9%
Angola 600,751 Lubango
9%
Madagascar 246,022 Mahajanga
9%
Niger 267,249 Maradi
9%
Hungary 141,440 Miskolc
9%
Guatemala 463,019 Mixco
9%
Mozambique 663,212 Nampula
9%
Mauritania** 173,525 Nouadhibou
9%
Laos 68,093 Pakse
9%
Gabon 136,462 Port-Gentil
9%
Kosovo 76,850 Prizren
9%
Uruguay 84,775 Rivera
9%
Oman 293,962 Salalah
9%
Trinidad and Tobago 48,838 San Fernando
9%
Belize 21,979 San Ignacio/Santa Elena
9%
Andorra 8,312 Sant Julià de Lòria
9%
Egypt 1,275,700 Shubra el-Kheima
9%
Lithuania 111,018 Šiauliai
9%
Bulgaria 121,249 Stara Zagora
9%
Azerbaijan 440,900 Sumqayit
9%
Niger 117,826 Tahoua
9%
Ghana 311,206 Takoradi
9%
Namibia 102,704 Walvis Bay
9%
Bosnia and Herzegovina 70,553 Zenica
9%
Slovakia 79,873 Žilina
9%
Benin 117,824 Abomey-Calavi
6%
Ethiopia 456,900 Adama
6%
Algeria 342,703 Annaba
6%
Norway 133,228 Bærum
6%
Liechtenstein 4,836 Balzers
6%
Cameroon 269,530 Bamenda
6%
Cambodia 151,827 Battambang
6%
Mozambique 592,090 Beira
6%
Vietnam 830,829 Bien Hoa
6%
Central African Repupblic 348,802 Bimbo
6%
Burkina Faso 904,920 Bobo-Dioulasso
6%
San Marino 7,006 Borgo Maggiore
6%
Ivory Coast 536,719 Bouaké
6%
Gambia 81,007 Brikama
6%
Montenegro 20,168 Budva
6%
Zimbabwe 665,952 Bulawayo
6%
Haiti 430,250 Carrefour
6%
Mozambique 363,336 Chimoio
6%
Zimbabwe 371,246 Chitungwiza
6%
North Korea 614,892 Chongjin
6%
Mongolia 84,429 Darkhan
6%
Turkmenistan 201,142 Dasoguz
6%
San Marino 3,613 Domagnano
6%
Liechtenstein 4,781 Eschen
6%
Madagascar 191,776 Fianarantsoa
6%
Gabon 110,568 Franceville
6%
Rwanda 149,209 Gisenyi
6%
Ethiopia 466,000 Gondar
6%
Thailand 156,802 Hat Yai
6%
Ethiopia 422,200 Hawassa
6%
Dominican Republic 210,278 Higüey
6%
Yemen 409,994 Hudaydah
6%
Zambia 288,598 Kabwe
6%
Guinea 410,542 Kankan
6%
Iran 1,592,492 Karaj
6%
Kyrgyzstan 77,241 Karakol
6%
Mali** 194,716 Kayes
6%
Eritrea 55,586 Keren
6%
Tajikistan 203,800 Khujand
6%
Uganda 459,827 Kira
6%
Malaysia* 826,400 Klang
6%
Estonia 32,839 Kohtla-Järve
6%
Micronesia, F.S. 4,496 Kolonia
6%
Burkina Faso 160,239 Koudougou
6%
Brunei* 27,819 Kuala Belait
6%
Tajikistan 110,400 Kulob
6%
North Macedonia 75,051 Kumanovo
6%
Suriname 18,663 Lelydorp
6%
Latvia 67,398 Liepāja
6%
Papua New Guinea 35,971 Madang
6%
Sri Lanka 196,423 Maharagama
6%
South Sudan 114,528 Malakal
6%
Uruguay 102,000 Maldonado
6%
Mozambique 1,032,197 Matola
6%
Somalia 499,000 Merca
6%
Cape Verde 70,732 Mindelo
6%
Libya 290,316 Misrata
6%
Bahrain 91,307 Muharraq
6%
Uganda 692,478 Nansana
6%
Zambia 627,503 Ndola
6%
Guyana 14,762 New Amsterdam
6%
Montenegro 54,394 Nikšić
6%
Slovakia 75,301 Nitra
6%
Guinea 316,065 Nzérékoré
6%
Belize 14,780 Orange Walk
6%
Lithuania 84,392 Panevėžys
6%
Bhutan 11,448 Paro
6%
Bhutan 27,658 Phuntsholing
6%
North Macedonia 63,308 Prilep
6%
Costa Rica 87,500 Puntarenas
6%
Senegal 295,459 Rufisque
6%
Georgia 131,800 Rustavi
6%
Antigua and Barbuda 7,341 Saint Mary Parish
6%
Oman 470,878 Seeb
6%
Mali** 349,324 Sikasso
6%
Togo 115,442 Sokodé
6%
El Salvador 241,403 Soyapango
6%
Barbados** 3,634 Speightstown
6%
Madagascar 325,857 Toamasina
6%
Armenia 78,100 Vanadzor
6%
Guatemala 426,316 Villa Nueva
6%
South Sudan 118,331 Wau
6%
North Korea 328,467 Wonsan
6%
South Sudan 69,720 Yei
6%
Chad 97,963 Abéché
3%
Djibouti 45,092 Ali-Sabieh
3%
Guyana 11,846 Anna Regina
3%
Seychelles 6,555 Anse Étoile
3%
Madagascar 246,354 Antsirabe
3%
Uganda 384,656 Arua
3%
Togo 98,193 Atakpamé
3%
Cameroon 239,287 Bafoussam
3%
Turkmenistan 123,190 Balkanabat
3%
Mauritius 92,149 Beau Bassin-Rose Hill
3%
Somalia 374,000 Berbera
3%
Central African Repupblic 103,713 Berbérati
3%
Algeria 331,779 Blida
3%
Tajikistan 130,800 Bokhtar
3%
Dominica 3,324 Canefield
3%
Paraguay 236,999 Capiatá
3%
Trinidad and Tobago 83,516 Chaguanas
3%
Mongolia 47,153 Choibalsan
3%
Guatemala 212,047 Cobán
3%
Ivory Coast 245,360 Daloa
3%
Togo 117,675 Dapaong
3%
Sri Lanka 184,468 Dehiwala/Mount Lavinia
3%
Haiti 359,451 Delmas
3%
Suriname 26,161 De Nieuwe Grond
3%
Zimbabwe 206,368 Epworth
3%
Cape Verde 22,549 Espargos
3%
Kosovo 48,472 Ferizaj
3%
San Marino 2,588 Fiorentino
3%
Guinea-Bissau 43,556 Gabú
3%
Bangladesh* 2,677,715 Gazipur
3%
Liberia 56,986 Gbarnga
3%
Rwanda 49,038 Gitarama
3%
Kosovo 41,809 Gjakova
3%
Benin 253,262 Godomey
3%
Kuwait 926,170 Hawally
3%
Maldives 13,759 Hithadhoo
3%
Suriname 15,656 Houttuin
3%
Armenia 49,500 Hrazdan
3%
Tajikistan 66,600 Istaravshan
3%
Monaco 5,117 Jardin Exotique
3%
Sierra Leone 255,110 Kenema
3%
Azerbaijan 215,800 Khirdalan
3%
Guinea 220,000 Kindia
3%
Suriname 27,713 Koewarasan
3%
Sierra Leone 196,418 Koidu
3%
Ivory Coast 243,048 Korhogo
3%
Mali** 218,031 Koutiala
3%
Slovenia 37,966 Kranj
3%
Fiji 26,601 Labassa
3%
Nepal 294,098 Lalitpur
3%
Andorra 6,300 La Massana
3%
Fiji 71,573 Lautoka
3%
Guyana 33,183 Linden
3%
Dominican Republic 282,799 Los Alcarrizos
3%
Vanuatu 13,397 Luganville
3%
Paraguay 259,705 Luque
3%
Sierra Leone 85,116 Makeni
3%
Eswatini 30,248 Manzini
3%
Dominica 2,411 Marigot
3%
El Salvador 140,751 Mejicanos
3%
Botswana 74,861 Molepolole
3%
Chad 137,251 Moundou
3%
Zimbabwe 224,804 Mutare
3%
Comoros 26,313 Mutsamudu
3%
Malawi 221,272 Mzuzu
3%
Fiji 71,048 Nadi
3%
Bangladesh* 967,951 Narayanganj
3%
São Tomé and Príncipe* 8,391 Neves
3%
Thailand 254,375 Nonthaburi
3%
Barbados** 2,285 Oistins
3%
Thailand 190,272 Pak Kret
3%
Benin 255,478 Parakou
3%
Montenegro 16,419 Pljevlja
3%
Dominica 4,167 Portsmouth
3%
Malta 20,041 Qormi
3%
Bahrain 79,550 Riffa
3%
Israel 257,128 Rishon LeZion
3%
Kenya 490,120 Ruiru
3%
Namibia 118,632 Rundu
3%
Jordan 472,604 Russeifa
3%
Malta 40,204 Saint Paul’s Bay
3%
Dominica 2,147 Salisbury
3%
Chad 97,224 Sarh
3%
Mali** 205,787 Ségou
3%
North Korea 334,031 Sinuiju
3%
Oman 219,264 Sohar
3%
Cyprus 70,823 Strovolos
3%
Malaysia* 718,200 Subang Jaya
3%
Namibia 75,921 Swakopmund
3%
North Macedonia 63,176 Tetovo
3%
Liechtenstein 5,786 Triesen
3%
São Tomé and Príncipe* 6,685 Trindade
3%
Marshall Islands 2,019 Uliga
3%
Mauritius 107,433 Vacoas-Phoenix
3%
Bahamas 12,724 West End
3%
Papua New Guinea 37,825 Wewak
3%
Singapore 254,440 Woodlands
3%
Lebanon 140,000 Zahle
3%
Libya 141,653 Zawiya
3%
Libya 166,350 Zliten
3%
Armenia 50,600 Abovyan
0%
Equatorial Guinea 8,795 Aconibe
0%
Eritrea 35,673 Afabet
0%
Palau 2,020 Airai
0%
Nauru** 1,258 Aiwo
0%
Iceland 8,607 Akranes
0%
Tuvalu 1,115 Alapi
0%
Samoa 3,810 Aleisa Sasa’e
0%
São Tomé and Príncipe* 3,923 Almas
0%
Qatar 134,481 Al Wukair
0%
Trinidad and Tobago 33,606 Arima
0%
Eritrea 44,220 Assab
0%
Cape Verde 10,222 Assomada
0%
Seychelles 5,974 Au Cap
0%
Saint Lucia 1,850 Augier
0%
Solomon Islands 7,020 Auki
0%
Guinea-Bissau 29,556 Bafatá
0%
Saint Lucia 1,812 Balata
0%
Barbados** 1,765 Bathsheba
0%
East Timor 19,118 Baucau
0%
Oman 362,523 Bawshar
0%
Singapore 274,360 Bedok
0%
Central African Repupblic 264,067 Bégoua
0%
Kiribati 18,429 Betio
0%
Nepal 369,268 Bharatpur
0%
Eswatini 6,433 Big Bend
0%
Kiribati 7,530 Bikenibeu
0%
Nepal 272,382 Birgunj
0%
Guinea-Bissau 9,898 Bissorã
0%
Nauru** 845 Boe
0%
Nauru** 969 Buada
0%
Liberia 50,245 Buchanan
0%
Brunei* 9,835 Bukit Beruang
0%
Gambia 55,360 Bundung
0%
Rwanda 50,220 Butare
0%
Saint Vincent and the Grenadines** 24,205 Calliaqua
0%
Guinea-Bissau 12,044 Canchungo
0%
Central African Repupblic 129,032 Carnot
0%
Seychelles 7,263 Cascade
0%
Thailand 143,024 Chaophraya Surasak
0%
Honduras 220,300 Choloma
0%
Burundi 23,885 Cibitoke
0%
Saint Lucia 2,471 Ciceron
0%
Haiti 241,055 Cité Soleil
0%
Nicaragua 130,357 Ciudad Sandino
0%
Monaco 5,141 Condamine
0%
Guyana 11,488 Corriverton
0%
Mauritius 70,008 Curepipe
0%
Marshall Islands 5,809 Darrit
0%
Marshall Islands 6,321 Delap
0%
Nauru** 1,874 Denigomodu
0%
Saint Vincent and the Grenadines** 1,971 Diamond
0%
Djibouti 27,722 Dikhil
0%
Congo, Rep. 178,172 Dolisie
0%
Comoros 12,262 Domoni
0%
Ecuador 295,211 Durán
0%
Equatorial Guinea 19,515 Ebebiyin
0%
Marshall Islands 8,416 Ebeye
0%
Kiribati 3,858 Eita
0%
Honduras 120,600 El Progreso
0%
Gambia 38,121 Faji Kunda
0%
Tuvalu 1,258 Fakaifou
0%
Samoa 4,431 Faleasiu
0%
Kuwait 791,744 Farwaniya
0%
Saint Kitts and Nevis** 2,922 Fig Tree
0%
Kuwait 447,009 Fintas
0%
Comoros 17,291 Fomboni
0%
Monaco 4,420 Fontvielle
0%
Maldives 9,177 Fuvahmulah
0%
Liberia 42,077 Ganta
0%
Bhutan 9,858 Gelephu
0%
Kosovo 53,279 Gjilan
0%
Grenada** 3,378 Gouyave
0%
Grenada** 2,400 Grand Roy
0%
Grenada** 2,476 Grenville
0%
Bahrain 52,718 Hamad Town
0%
Tonga 3,473 Haveluloto
0%
Lesotho 41,986 Hlotse
0%
Maldives 65,714 Hulhumalé
0%
Vanuatu 1,437 Isangel
0%
Kuwait 455,786 Jahra
0%
Singapore 253,840 Jurong West
0%
Sri Lanka 252,041 Kaduwela
0%
Mauritania** 57,672 Kaédi
0%
Liberia 34,608 Kakata
0%
Malawi 61,609 Karonga
0%
Albany 89,395 Kashar
0%
Chad 57,859 Kélo
0%
Sri Lanka 185,122 Kesbewa
0%
Mauritania** 71,680 Kiffa
0%
Bahamas 17,679 Killarney
0%
Micronesia, F.S. 4,687 Kitti
0%
Palau 454 Klouklubed
0%
Maldives 10,131 Kulhudhuffushi
0%
Saint Lucia 2,401 Laborie
0%
Honduras 209,000 La Ceiba
0%
Panama* 205,959 La Chorrera
0%
Cyprus 43,111 Lakatameia
0%
Monaco 7,087 La Rousse
0%
Tuvalu 1,165 Lofeagai
0%
East Timor 12,782 Lospalos
0%
Bahamas 46,525 Lucaya
0%
Micronesia, F.S. 4,129 Madolenihmw
0%
Lesotho 43,247 Mafeteng
0%
Uganda 439,605 Makindye Ssbagabo
0%
Solomon Islands 15,560 Malango
0%
East Timor 13,078 Maliana
0%
Lesotho 59,126 Maputso
0%
Saint Kitts and Nevis** 2,568 Market Shop
0%
Nicaragua 140,721 Masaya
0%
Eswatini 7,571 Matsapha
0%
Jamaica 75,491 May Pen
0%
Nauru** 1,797 Meneng
0%
Palau 1,631 Meyuns
0%
Saint Lucia 2,131 Micoud
0%
Azerbaijan 122,200 Mingechevir
0%
Eritrea 27,179 Mitsiwa
0%
Botswana 88,004 Mogoditshane
0%
Lesotho 44,494 Mohale’s Hoek
0%
Papua New Guinea 29,765 Mount Hagen
0%
Oman 230,881 Muttrah
0%
Fiji 57,882 Nausori
0%
Tonga 3,825 Neiafu
0%
Micronesia, F.S. 4,673 Nett
0%
Palau 630 Ngetkib
0%
Burundi 39,884 Ngozi
0%
Eswatini 10,456 Nhlangano
0%
Congo, Rep. 104,083 Nkayi
0%
Solomon Islands 7,204 Noro
0%
Vanuatu 2,998 Norsup
0%
Djibouti 29,954 Obock
0%
Namibia 58,656 Oshakati
0%
Burkina Faso 124,587 Ouahigouya
0%
Congo, Rep. 75,095 Ouesso
0%
Gabon 79,300 Owendo
0%
Gabon 60,685 Oyem
0%
Vanuatu 2,485 Pango
0%
East Timor 15,240 Pante Macassar
0%
Cape Verde 10,201 Pedra Badejo
0%
Seychelles 6,209 Perseverance
0%
Luxembourg 21,086 Pétange
0%
Haiti 271,175 Pétionville
0%
Laos 48,643 Phonsavan
0%
Cambodia 79,475 Poipet
0%
Mauritius 71,076 Quatre Bornes
0%
Jordan 296,763 Quwaysimah
0%
Marshall Islands 4,653 Rairok
0%
Saint Vincent and the Grenadines** 1,875 Redemption
0%
Rwanda 68,930 Ruhengeri
0%
Burundi 35,931 Rumonge
0%
Burkina Faso 136,011 Saaba
0%
Bhutan 9,325 Samdrup Jongkhar
0%
Saint Kitts and Nevis** 3,140 Sandy Point Town
0%
Trinidad and Tobago 20,710 Sangre Grande
0%
Iceland 11,066 Selfoss
0%
Tuvalu 1,014 Senala
0%
Singapore 267,600 Sengkang
0%
Brunei* 16,340 Seria
0%
Guinea 303,000 Siguiri
0%
Samoa 3,567 Siusega
0%
Malta 22,730 Sliema
0%
Zambia 301,370 Solwezi
0%
Gambia 47,048 Sukuta
0%
Djibouti 19,527 Tadjourah
0%
Cambodia 91,344 Ta Khmao
0%
Gambia 40,562 Talinding
0%
Singapore 290,090 Tampines
0%
Solomon Islands 24,592 Tandai
0%
Kiribati 6,007 Teaoraereke
0%
Tuvalu 773 Tekavatoetoe
0%
Kiribati 5,495 Temwaiku
0%
Nicaragua 150,597 Tipitapa
0%
Tonga 3,467 Tofoa-Koloua
0%
Kyrgyzstan 73,433 Tokmok
0%
Comoros 12,590 Tsémbéhou
0%
Brunei* 8,596 Tutong
0%
Moldova 26,457 Umgheni
0%
Qatar 149,701 Umm Salal Mohammed
0%
Tonga 3,295 Vainī
0%
Samoa 8,224 Vaitele
0%
Panama* 128,973 Vista Alegre
0%
Barbados** 5,139 White Hall
0%
South Sudan 105,881 Yambio
0%
Malawi 105,013 Zomba
0%
Mauritania** 62,380 Zouérat
0%
No matching quizzes found
Score Distribution
Percent of People with Each Score
Percentile by Number Answered
Your Score History
You have not taken this quiz since the last reset